|
|
|
|
| LEADER |
01222nam a2200313 a 4500 |
| 001 |
GR-MES373 |
| 008 |
991111s wau 000 b eng d |
| 020 |
|
|
|a 0875531318
|
| 040 |
|
|
|a GrPaTEI
|b gre
|c GR-PaULI
|
| 082 |
|
0 |
|a 628.161
|
| 245 |
0 |
0 |
|a Standard methods for the examination of water and wastewater.
|
| 250 |
|
|
|a 16η
|
| 260 |
|
|
|a Washington :
|b American Public Health Association,
|c c1985
|
| 300 |
|
|
|a xiix, 1268σελ. :
|b εικ.,πιν.
|
| 500 |
|
|
|a Περιλαμβάνει βιβλιογραφικές αναφορές
|
| 650 |
|
4 |
|a Μόλυνση
|
| 650 |
|
4 |
|a Νερό
|
| 700 |
1 |
|
|a Clesceri, Lenore S.
|
| 700 |
1 |
|
|a Franson, Mary Ann
|
| 700 |
1 |
|
|a Greenberg, Arnold E.
|
| 700 |
1 |
|
|a Trussell, Rhodes R.
|
| 710 |
0 |
|
|a American Public Health Association
|
| 710 |
2 |
|
|a American Public Health Association
|
| 710 |
2 |
|
|a American Water Works Association
|
| 710 |
2 |
|
|a Water Pollution Control Federation
|
| 942 |
|
|
|2 ddc
|
| 952 |
|
|
|0 0
|1 0
|2 ddc
|4 0
|6 628_161000000000000_STA
|7 0
|9 263596
|a MSLG
|b MSLG
|c BSC
|d 2021-01-17
|e 24
|f 0
|g 0.00
|l 0
|o 628.161 STA
|p 2420000005612
|r 2021-01-17 00:00:00
|t 1
|w 2021-01-17
|y BK15
|x 19991111 0 ΜΑΤΣΙΩΡΗ 1
|x GrPaTEI
|
| 971 |
|
|
|a .b25714144
|b 01-10-20
|c 13-09-16
|
| 999 |
|
|
|c 151755
|d 151755
|